Dualität und Polarität in diskreten Strukturen

Guardado en:
Detalles Bibliográficos
Autor principal: Bachem, Achim
Formato: Libro
Lenguaje:alemán
Publicado: Bonn Institut für Ökonometrie und Operations Research 1984
Colección:Report No. 84358-OR
Etiquetas: Agregar Etiqueta
Sin Etiquetas, Sea el primero en etiquetar este registro!

MARC

LEADER 00000nam a2200000 4500
001 c109206
005 20181203150305.7
041 0 |a ger 
044 |a DE 
245 1 0 |a Dualität und Polarität in diskreten Strukturen  |c Achim Bachem 
264 1 |a Bonn  |b Institut für Ökonometrie und Operations Research  |c 1984 
300 |a 18 s. 
490 1 |a Report  |v No. 84358-OR 
830 0 |a Report  |v No. 84358-OR 
100 1 |a Bachem, Achim